<?xml version="1.0" encoding="UTF-8"?><?xml-stylesheet type="text/xsl" href="static/style.xsl"?><OAI-PMH xmlns="http://www.openarchives.org/OAI/2.0/" xmlns:xsi="http://www.w3.org/2001/XMLSchema-instance" xsi:schemaLocation="http://www.openarchives.org/OAI/2.0/ http://www.openarchives.org/OAI/2.0/OAI-PMH.xsd"><responseDate>2026-04-27T00:32:22Z</responseDate><request verb="GetRecord" identifier="oai:uvadoc.uva.es:10324/55909" metadataPrefix="marc">https://uvadoc.uva.es/oai/request</request><GetRecord><record><header><identifier>oai:uvadoc.uva.es:10324/55909</identifier><datestamp>2023-04-14T07:10:23Z</datestamp><setSpec>com_10324_38</setSpec><setSpec>col_10324_785</setSpec></header><metadata><record xmlns="http://www.loc.gov/MARC21/slim" xmlns:doc="http://www.lyncode.com/xoai" xmlns:xsi="http://www.w3.org/2001/XMLSchema-instance" xmlns:dcterms="http://purl.org/dc/terms/" xsi:schemaLocation="http://www.loc.gov/MARC21/slim http://www.loc.gov/standards/marcxml/schema/MARC21slim.xsd">
<leader>00925njm 22002777a 4500</leader>
<datafield tag="042" ind1=" " ind2=" ">
<subfield code="a">dc</subfield>
</datafield>
<datafield tag="720" ind1=" " ind2=" ">
<subfield code="a">López Carbajo, César</subfield>
<subfield code="e">author</subfield>
</datafield>
<datafield tag="260" ind1=" " ind2=" ">
<subfield code="c">2022</subfield>
</datafield>
<datafield tag="520" ind1=" " ind2=" ">
<subfield code="a">La idea de proyecto parte de una cubierta que haga más amable el espacio urbano y pueda ser usado en condiciones térmicas y climáticas agresivas. De esta cubierta se generan aperturas para la ventilación, la iluminación y que la vegetación y los edificios nazcan del suelo permeable por encima de la cubierta.&#xd;
De esta forma y eligiendo un tipo concreto de estructura. Se genera un bosque por el que pasear entre troncos y soportes inclinados.&#xd;
Del que nacen los edificios. Una torre de B+10 que articula y ordena el espacio y unos bloques lineales que lo amabilizan y generan zonas de circulación y relaciones entre ellos.</subfield>
</datafield>
<datafield tag="024" ind2=" " ind1="8">
<subfield code="a">https://uvadoc.uva.es/handle/10324/55909</subfield>
</datafield>
<datafield ind1=" " ind2=" " tag="653">
<subfield code="a">Vivienda cooperativa</subfield>
</datafield>
<datafield ind1=" " ind2=" " tag="653">
<subfield code="a">Barrio de las Villas (Valladolid, España)</subfield>
</datafield>
<datafield tag="245" ind1="0" ind2="0">
<subfield code="a">Nuevos modos de habitar / nuevos modelos de convivencia</subfield>
</datafield>
</record></metadata></record></GetRecord></OAI-PMH>